Villes du monde en "port" - Statistiques

Statistiques générales
  • Ce quiz a été pris 50 fois
    49 depuis la dernière actualisation
  • Le résultat moyen est 9 sur 18
Réponses sur la Carte
Les réponses sont colorées sur une échelle allant du rouge au vert en fonction du pourcentage des utilisateurs qui les ont devinées à leur premier essai. Vous pouvez retrouver ces pourcentages ci-dessous.
 
Statistiques - réponses
Ville % Correct
Porto
93%
Port-au-Prince
74%
Port Moresby
70%
Port Louis
67%
Portland
63%
Porto-Vecchio
58%
Porto Novo
56%
Porto Alegre
53%
Port-Saïd
51%
Portsmouth
51%
Port-Vila
49%
Port d'Espagne
44%
Port-Soudan
33%
Port Elizabeth
30%
Port Harcourt
19%
Copenhague
16%
Le Havre
16%
Port Saint-Louis
9%
Aucun quiz correspondant
Distribution des résultats
% des personnes avec chaque résultat
Percentile par nombre de réponses
Votre historique - résultats
Vous n’avez pas pris ce quiz depuis la dernière actualisation